000 01322nam a2200349 i 4500
003 EG-GICUC
005 20260208001729.0
008 260119s1992 ua ||||f |||| 00| 0 ara d
017 _a1992/2239
020 _a9770029122
040 _a EG-GICUC
_bara
_c EG-GICUC
_d EG-GICUC
_erda
041 _aara
082 0 4 _221
_a345.612
_bإ س . ق
092 0 4 _221
099 _aLaw1 07 345.612 إ س . ق 1 ed - 1992
100 0 _aإسماعيل البدوي
_eمؤلف.
245 1 2 _aالقضاء الإداري :
_bدراسة مقارنة.
_nالجزء الأول ،
_pمبدأ المشروعية /
_cالدكتور إسماعيل البدوي .
250 _aالطبعة الأولى
264 1 _a[المكان غير محدد] :
_b[الناشر غير محدد] ،
_c1992 .
300 _a240 ؛ صفحة
_c24 سم
336 _2rda content
_atext
337 _2rda media
_aComputer
338 _2rda carrier
_aOnline Resource
504 _a. 239-236 ببليوجرافيا: صفحات.
504 _aيشتمل على إرجاعات ببليوجرافية
650 1 4 _aمشروعية القرارات الإدارية
_2qrmak
650 1 4 _aالقانون الإداري
651 1 _2qrmak
856 4 0 _uhttps://fll.law.cu.edu.eg/fulltext/bks/B07-02122.pdf
905 _a61
_eYara
942 _2ddc
_cBK
_e21
_n0
999 _c57709
_d57709